La objetividad: un argumento para obligar

Furkejuvvon:
Bibliográfalaš dieđut
Váldodahkki: Maturana Romesín, Humberto (autor)
Materiálatiipa: Girji
Giella:espánnjágiella
Almmustuhtton: Santiago Dolmen 2002
Preanttus:2a. ed
Ráidu:Dolmen Ensayo
Fáttát:
Fáddágilkorat: Lasit fáddágilkoriid
Eai fáddágilkorat, Lasit vuosttaš fáddágilkora!

MARC

LEADER 00000nam a2200000 a 4500
001 UCM9256
003 CL-VaPUC
008 030417e20020600CL |||||||||||||||||spa|d
082 0 4 |a 121.4  |b MAT  |2 21 
100 |a Maturana Romesín, Humberto  |e autor  |9 448877 
245 1 3 |a La objetividad: un argumento para obligar 
250 |a 2a. ed 
300 |a 149 p 
942 |c BK 
945 |d 20030417 00:00:00  |a vberengu 
260 |a Santiago  |b Dolmen  |c 2002 
650 0 |a Objetividad   |9 319331 
650 7 |a CONOCIMIENTO  |2 CL-VaPUC  |9 308991 
583 |a last modification  |c 20030417 00:00:00  |k Rodrigo Vera 
490 0 |a Dolmen Ensayo 
999 |c 303582  |d 303580 
952 |0 0  |1 0  |4 0  |6 121_400000000000000_MAT_2002  |7 0  |8 A  |9 364991  |a BIBCUR  |b BIBCUR  |d 2019-11-21  |i 3885836  |o 121.4 MAT 2002  |p 3885836  |r 2025-04-22  |w 2019-11-21  |y BK  |k PER 
952 |0 0  |1 0  |4 0  |6 121_400000000000000_MAT_2002  |7 0  |8 A  |9 364992  |a FDOPOS  |b FDOPOS  |d 2019-11-21  |i 3920984  |o 121.4 MAT 2002  |p 3920984  |r 2025-01-22  |w 2019-11-21  |y BK  |k MLA